Marvel Movies by Country - Statistics

General Stats
  • This quiz has been taken 36 times
  • The average score is 5 of 6
Answer Stats
Movie Country % Correct
Black Widow Russia
94%
Ant-Man USA
94%
Shang-Chi China (Macau & Ta-Lo)
84%
Black Panther Wakanda
84%
The Wolverine (2013) Japan
69%
Avengers: Age of Ultron Sokovia
66%
No matching quizzes found
Score Distribution
Percent of People with Each Score
Percentile by Number Answered
Your Score History
You have not taken this quiz